Mazarin

Zapisane w:
Opis bibliograficzny
1. autor: Hassall, Arthur
Format: Książka
Język:Undetermined
Wydane: New York MacMillan 1903
Hasła przedmiotowe:
Etykiety: Dodaj etykietę
Nie ma etykietki, Dołącz pierwszą etykiete!
Thư viện lưu trữ: Trung tâm Học liệu Trường Đại học Cần Thơ
LEADER 00461nam a2200193Ia 4500
001 CTU_81075
008 210402s9999 xx 000 0 und d
082 |a 945 
082 |b H353 
100 |a Hassall, Arthur 
245 0 |a Mazarin 
245 0 |c Arthur Hassall 
260 |a New York 
260 |b MacMillan 
260 |c 1903 
650 |a History 
650 |z Italy 
904 |i Nguyên,Hải 
980 |a Trung tâm Học liệu Trường Đại học Cần Thơ